000
00330nam a22001457a 4500
008
221010b ||||| |||| 00| 0 eng d
020
_a
0471876437
041
_a
eng
080
_2
SECOND EDITION
_a
579
082
_a
579MAN
100
_a
17
101
_a
MIK
245
_a
INFECTIOUS DISEASES
_c
MANDELL/DOUGLAS
942
_2
udc
_c
BK
999
_c
58436
_d
58436